• 首页
  • 本馆介绍
  • 公告通知
  • 最新文献
  • 馆藏检索
  • 电子资源
  • 读者导购
  • 参考咨询
  • 我的图书馆
  • 登录
  • 详细信息显示
  • 放入我的书架
  • 预约/预借图书
  • 作者相关作品
  • 分类相关作品
  • 丛书相关作品
  • 出版社相关作品

书目信息

  • 表格格式
  • 工作单格式
  • 卡片格式
题名:
剑桥欧洲经济史
    
 
作者: 波斯坦 , Postan 主编 ;郎立华 译
分册: 第一卷   中世纪的农业生活
出版信息: 北京   经济科学出版社  2002
页数: 11,805页
开本: 26cm
丛书名:
单 册:
中图分类: F150.9
科图分类:
主题词: 农业史--欧洲--中世纪 , 经济史 , 经济史--欧洲 , 农业史
电子资源:
ISBN: 7-5058-3200-X
000 01175nam0 2200313 450
001 010700001494
005 20070805152610.71
010    @a7-5058-3200-X@b精装@dCNY116.00
100    @a20050916d2002 em y0chiy0110 ea
101 1  @achi
102    @aCN@b110000
105    @ab z 001yy
200 1  @a剑桥欧洲经济史@9jian qiao ou zhou jing ji shi@h第一卷@i中世纪的农业生活@f( )M.M.波斯坦(M.M.Postan)主编@g郎立华等译
210    @a北京@c经济科学出版社@d2002
215    @a11,805页@c地图@d26cm
300    @a“十五”国家重点图书
320    @a有索引
330    @a本书内容包括:欧洲的开拓与殖民、罗马帝国晚期的农业和农村生活、农业技术的进步、5~9世纪日耳曼诸国的农业制度、中世纪拜占庭的农业状况、依附耕种的兴起及其附庸、中世纪全盛时期的农业社会等。
510 1  @aThe Cambridge Economic History of Europe@hVolume Ⅰ@iThe Agrarian Life of the Middle Ages@zeng
606 0  @a农业史@y欧洲@z中世纪
606 0  @a经济史
606 0  @a经济史@y欧洲
606 0  @a农业史
690    @aF150.9@v4
701  1 @a波斯坦@9bo si tan@bM.M.@4主编
701  1 @aPostan@bM.M.@4主编
702  0 @a郎立华@9lang li hua@4译
801  0 @aCN@bRENTIAN@c20070805
905    @a10447@dF150.9@e152:1
    
    剑桥欧洲经济史.第一卷.中世纪的农业生活/( )M.M.波斯坦(M.M.Postan)主编/郎立华等译.-北京:经济科学出版社,2002
    11,805页:地图;26cm
    “十五”国家重点图书
    
    ISBN 7-5058-3200-X(精装):CNY116.00
    本书内容包括:欧洲的开拓与殖民、罗马帝国晚期的农业和农村生活、农业技术的进步、5~9世纪日耳曼诸国的农业制度、中世纪拜占庭的农业状况、依附耕种的兴起及其附庸、中世纪全盛时期的农业社会等。
●
相关链接 在E读中查询图书 在五车中查询图书 在当当中查询图书 在豆瓣中查询图书


正题名:剑桥欧洲经济史     索取号:F150.9/152:1         预约/预借

序号 登录号 条形码 馆藏地/架位号 状态 备注
1 0807320   208073207   第一样本阅览室/ [索取号:F150.9/152:1] 在馆    
唐山师范学院图书馆 欢迎您!
大连网信软件有限公司© 版权所有